Die Wiener Genesis / (Record no. 151289)
[ view plain ]
| 000 -LEADER | |
|---|---|
| campo de control de longitud fija | 00608nam a2200169 i 4500 |
| 001 - NÚMERO DE CONTROL | |
| campo de control | 151289 |
| 003 - IDENTIFICADOR DE NÚMERO DE CONTROL | |
| campo de control | ES-MaACL |
| 005 - FECHA Y HORA DE LA ÚLTIMA TRANSACCIÓN | |
| campo de control | 20230906203933.0 |
| 008 - DATOS DE LONGITUD FIJA--INFORMACIÓN GENERAL | |
| campo de control de longitud fija | 050714s1895 au a | |||||||| ||ger d |
| 040 ## - FUENTE DE CATALOGACIÓN | |
| Centro catalogador/agencia de origen | CAM |
| Lengua de catalogación | spa |
| Centro/agencia transcriptor | CAM |
| 245 03 - MENCIÓN DEL TÍTULO | |
| Título | Die Wiener Genesis / |
| Mención de responsabilidad, etc. | herausgegeben von Wilhelm Ritter von Hartel und Franz Wickhoff. |
| 260 ## - PUBLICACIÓN, DISTRIBUCIÓN, ETC. | |
| Lugar de publicación, distribución, etc. | Wien [etc.] : |
| Nombre del editor, distribuidor, etc. | F. Tempsky [etc.], |
| Fecha de publicación, distribución, etc. | 1895 ( |
| Lugar de fabricación/manufactura | Wien : |
| Fabricante | Adolf Holzhausen) |
| 300 ## - DESCRIPCIÓN FÍSICA | |
| Extensión | 171 p., [6], LII h. de lám. : |
| Otras características físicas | il. ; |
| Dimensiones | 42 cm. |
| 700 1# - ENTRADA AGREGADA--NOMBRE PERSONAL | |
| Nombre de persona | Ritter von Hartel, Wilhelm. |
| 9 (RLIN) | 131836 |
| 700 1# - ENTRADA AGREGADA--NOMBRE PERSONAL | |
| Nombre de persona | Wickhoff, Franz. |
| 9 (RLIN) | 116740 |
| 852 ## - LOCALIZACIÓN | |
| Ubicación | ES-MaACL |
| Número de control de estantería | B-7757 |
| Nota libre | -- Enc. hol. |
| Estatus retirado | Estado de pérdida | Estado de daño | No para préstamo | Colección | Biblioteca de origen | Biblioteca actual | Ubicación en estantería | Fecha de adquisición | Fuente de adquisición | Total de préstamos | Signatura topográfica completa | Código de barras | Visto por última vez | Precio de reemplazo | Tipo de ítem Koha |
|---|---|---|---|---|---|---|---|---|---|---|---|---|---|---|---|
| Libros del s. XIX | Biblioteca del Ateneo de Madrid | Biblioteca del Ateneo de Madrid | Sala Pardo Bazán | 07/01/2010 | B-7757 | 1182264 | 23/02/2023 | 23/02/2023 | Libro impreso antiguo |
